Insulating concrete formwork (Record no. 114716)

MARC details
000 -LEADER
fixed length control field 01127cad a22002415a 4500
001 - CONTROL NUMBER
control field L157310
008 - FIXED-LENGTH DATA ELEMENTS--GENERAL INFORMATION
fixed length control field 121016s2012 xxk g 000 0 eng d
020 ## - INTERNATIONAL STANDARD BOOK NUMBER
International Standard Book Number 9781908257079
035 ## - SYSTEM CONTROL NUMBER
System control number (Sirsi) u157310
041 0# - LANGUAGE CODE
Language code of text/sound track or separate title eng
110 2# - MAIN ENTRY--CORPORATE NAME
Corporate name or jurisdiction name as entry element MPA - The Concrete Centre
9 (RLIN) 5832
245 00 - TITLE STATEMENT
Title Insulating concrete formwork
Remainder of title a guide to the performance benefits of ICF solutions
Medium [electronic resource]
260 ## - PUBLICATION, DISTRIBUTION, ETC.
Place of publication, distribution, etc. Camberley
Name of publisher, distributor, etc. MPA
Date of publication, distribution, etc. 2012
505 2# - FORMATTED CONTENTS NOTE
Formatted contents note Introduction -- Designing with ICF -- Performance benefits -- Building with ICF -- Case studies
520 ## - SUMMARY, ETC.
Summary, etc. Insulating concrete formwork (ICF) is a construction system that uses cast in situ concrete between two layers of insulation. This document looks at what the system can offer.
590 ## - LOCAL NOTE (RLIN)
Local note KA
651 #4 - SUBJECT ADDED ENTRY--GEOGRAPHIC NAME
Geographic name United Kingdom
Chronological subdivision
690 ## - LOCAL SUBJECT ADDED ENTRY--TOPICAL TERM (OCLC, RLIN)
Topical term or geographic name as entry element Building materials and defects
690 ## - LOCAL SUBJECT ADDED ENTRY--TOPICAL TERM (OCLC, RLIN)
Topical term or geographic name as entry element Sustainability
9 (RLIN) 6271
690 ## - LOCAL SUBJECT ADDED ENTRY--TOPICAL TERM (OCLC, RLIN)
Topical term or geographic name as entry element Energy
9 (RLIN) 6237
856 40 - ELECTRONIC LOCATION AND ACCESS
Uniform Resource Identifier <a href="https://www.concretecentre.com/online_services/publication_library/publication_details.aspx?PublicationId=795">https://www.concretecentre.com/online_services/publication_library/publication_details.aspx?PublicationId=795</a>
Public note View the website www.concretecentre.com for details of registering to read this free download
942 ## - ADDED ENTRY ELEMENTS (KOHA)
Suppress in OPAC 0
Holdings
Withdrawn status Lost status Source of classification or shelving scheme Damaged status Not for loan Home library Current library Shelving location Date acquired Total Checkouts Full call number Barcode Date last seen Copy number Price effective from Koha item type
    Dewey Decimal Classification     Virtual Virtual Online 16/10/2012   ONLINE PUBLICATION 157310-2001 06/08/2019 1 06/08/2019 Book